000 00504nam a2200181Ia 4500
005 20250224143443.0
008 231217s9999 xx 000 0 und d
020 _a9788177589962
082 _a001.6424 BAS;19
100 _aBass, Len. Clements, Paul. Kazman, Rick.
245 0 _aSoftware architecture in practice
250 _a2nd ed.
260 _c2003
_bDorling Kindersley
_aNoida
300 _axxii, 528
500 _aContent page available.
650 _aSoftware,architecture
942 _cAA
999 _c192679
_d192679